[Event "Benidorm op U2300 15th"]
[Site "Benidorm"]
[Date "2016.12.06"]
[Round "6"]
[White "Nunez Garcia, Alberto"]
[Black "Hristodorescu, Daniel"]
[Result "1/2-1/2"]
[WhiteElo "2053"]
[BlackElo "2219"]
[PlyCount "37"]
[EventDate "2016.12.02"]
[EventType "swiss"]
[EventRounds "10"]
[EventCountry "ESP"]
[SourceTitle "EXT 2019"]
[Source "ChessBase"]
[SourceDate "2018.10.10"]
[SourceVersion "1"]
[SourceVersionDate "2018.10.10"]
[SourceQuality "1"]

1. e4 e5 2. Nf3 Nc6 3. Bb5 a6 4. Ba4 Nf6 5. 0-0 Be7 6. Re1 b5 7. Bb3 d6 8. c3 0-0 9. d4 Bg4 10. Be3 Na5 11. dxe5 Bxf3 12. Qxf3 dxe5 13. Nd2 Nxb3 14. axb3 Qc8 15. Nf1 Qg4 16. Qxg4 Nxg4 17. h3 Nxe3 18. Nxe3 c6 19. Nf5 1/2-1/2

[Event "Madrid-ch"]
[Site "Madrid"]
[Date "2004.03.15"]
[Round "2.2"]
[White "Nunez Garcia, Alberto"]
[Black "Estrada Martinez, Cesar"]
[Result "1-0"]
[WhiteElo "2205"]
[BlackElo "2184"]
[PlyCount "103"]
[EventDate "2004.03.09"]
[EventType "tourn"]
[EventRounds "11"]
[EventCountry "ESP"]
[EventCategory "2"]
[SourceTitle "CBM 099 Extra"]
[Source "ChessBase"]
[SourceDate "2004.05.04"]
[SourceVersion "1"]
[SourceVersionDate "2004.05.04"]
[SourceQuality "1"]

1. e4 c5 2. Nf3 g6 3. d4 cxd4 4. Qxd4 Nf6 5. e5 Nc6 6. Qa4 Nd5 7. Qe4 Ndb4 8. Bb5 Qa5 9. Nc3 d5 10. exd6 Bf5 11. Qe5 Nxc2+ 12. Ke2 0-0-0 13. Qxh8 Nxa1 14. Rd1 exd6 15. Qxh7 Nc2 16. Kf1 Be6 17. h4 N2b4 18. Bg5 Re8 19. a3 Nd5 20. Nd4 Nxc3 21. bxc3 Bb3 22. Rc1 Qxa3 23. Kg1 Be7 24. Re1 Kd7 25. Bc1 Qa2 26. h5 gxh5 27. Qxh5 Bc4 28. Qg4+ Be6 29. Nxe6 fxe6 30. c4 Bf6 31. Rd1 a6 32. Qg3 Be7 33. Bxc6+ bxc6 34. Ba3 d5 35. Bxe7 Rxe7 36. c5 e5 37. Qg4+ Re6 38. Qg7+ Re7 39. Qf6 Re6 40. Qf7+ Re7 41. Qf5+ Kc7 42. Qf6 Rd7 43. Qxe5+ Kb7 44. Qf5 Rc7 45. Rb1+ Ka7 46. g4 d4 47. Rf1 Qd2 48. Qe5 Rf7 49. f3 Qh6 50. Rb1 Qf8 51. Qxd4 Rxf3 52. Qd7+ 1-0

[Event "Madrid-ch sf-B"]
[Site "Madrid"]
[Date "2004.01.10"]
[Round "3.7"]
[White "De la Barrera Montenegro, Eduardo"]
[Black "Nunez Garcia, Alberto"]
[Result "0-1"]
[WhiteElo "2027"]
[BlackElo "2205"]
[PlyCount "106"]
[EventDate "2004.01.08"]
[EventType "swiss"]
[EventRounds "9"]
[EventCountry "ESP"]
[SourceTitle "EXT 2005"]
[Source "ChessBase"]
[SourceDate "2004.11.15"]
[SourceVersion "1"]
[SourceVersionDate "2004.11.15"]
[SourceQuality "1"]

1. e4 d5 2. exd5 Qxd5 3. Nc3 Qd8 4. Bc4 Nf6 5. Nf3 Bf5 6. 0-0 e6 7. Re1 Be7 8. h3 c6 9. Qe2 b5 10. Bb3 0-0 11. Nh4 Bg6 12. Nxg6 hxg6 13. d3 Bc5 14. a4 b4 15. Nb1 Nbd7 16. a5 Nd5 17. Nd2 Bd6 18. Nc4 Bc7 19. Bd2 Nc5 20. Ba4 Nxa4 21. Rxa4 Rb8 22. b3 Rb5 23. a6 g5 24. Rea1 Bf4 25. Ra5 Qf6 26. Bxf4 Nxf4 27. Qf3 Rf5 28. R1a4 Nd5 29. Qg3 Nc3 30. Rxf5 exf5 31. Qc7 Nxa4 32. bxa4 Qa1+ 33. Kh2 Qd4 34. Ne5 Qxf2 35. Nxc6 g4 36. Ne7+ Kh7 37. Qg3 Qxg3+ 38. Kxg3 Rb8 39. hxg4 fxg4 40. a5 b3 41. cxb3 Rxb3 42. Nc6 Rxd3+ 43. Kxg4 Rd7 44. Kf3 Rc7 45. Nd8 Kg6 46. g4 Rc5 47. Nb7 Rc6 48. Kg3 Rxa6 49. Kf3 Rc6 50. Nd8 Rc5 51. Nb7 Rb5 52. a6 Rb6 53. Nc5 Rc6 0-1

[Event "Madrid-ch sf-B"]
[Site "Madrid"]
[Date "2004.??.??"]
[Round "6"]
[White "Nunez Garcia, Alberto"]
[Black "Vallejo Diaz, Jesus"]
[Result "1-0"]
[WhiteElo "2205"]
[BlackElo "2210"]
[PlyCount "125"]
[EventDate "2004.01.08"]
[EventType "swiss"]
[EventRounds "9"]
[EventCountry "ESP"]
[SourceTitle "EXT 2005"]
[Source "ChessBase"]
[SourceDate "2004.11.15"]
[SourceVersion "1"]
[SourceVersionDate "2004.11.15"]
[SourceQuality "1"]

1. e4 c5 2. Nc3 Nc6 3. Nf3 e5 4. g3 d6 5. Bg2 g6 6. 0-0 Bg7 7. d3 Nge7 8. Be3 0-0 9. Ne2 Nd4 10. c3 Nxe2+ 11. Qxe2 f5 12. Qd2 Qc7 13. Bg5 Be6 14. Rfe1 Nc6 15. Nh4 Qf7 16. Bh3 Rae8 17. Ng2 b6 18. Be3 d5 19. Qc2 d4 20. cxd4 exd4 21. exf5 Bxf5 22. Bxf5 Qxf5 23. Bf4 g5 24. Bd6 h6 25. Bxf8 Rxf8 26. f4 Nb4 27. Qc4+ Kh8 28. Re4 b5 29. Qxb5 Nc2 30. Rc1 Ne3 31. Qxc5 Nd5 32. Rce1 Qf7 33. a3 Kg8 34. Qc6 Nf6 35. Re7 Qg6 36. Qf3 Qf5 37. R1e5 Qc8 38. Qb7 Qxb7 39. Rxb7 Ng4 40. Re1 Ne3 41. Rxa7 Nd5 42. b4 Rd8 43. fxg5 hxg5 44. Ra5 Kf7 45. Rf1+ Bf6 46. Ra7+ Kg6 47. Ra6 Kg7 48. h4 gxh4 49. Nxh4 Rd7 50. Nf5+ Kh7 51. Rd6 Rxd6 52. Nxd6 Kg6 53. Ne4 Be7 54. Rc1 Kf7 55. Kf2 Ke6 56. Kf3 Kd7 57. Nc5+ Kd6 58. g4 Ne3 59. g5 Kd5 60. g6 Bf6 61. Ne4 Bg7 62. Rc7 Nf5 63. Kf4 1-0